000 00429nam a22001697a 4500
003 CEME
005 20210628202400.0
008 210311b xxu||||| |||| 00| 0 eng d
020 _a81-85198-29-2
040 _c.
082 _a006.3 NIL'P
100 _aNilbbon, Nils. J.
_959667
245 _aPrinciples of artificial intelligence with 139 figures
260 _aNEW DELHI
_bNAROSA
_c1980
300 _a476P
942 _cBK
_2ddc
999 _c569589
_d569589